000 00867nam a2200253Ia 4500
003 OSt
005 20220923212706.0
006 a|||||r|||| 00| 0
007 ta
008 220922b |||||||| |||| 00| 0 hin d
024 _a155,330
037 _cTextual
040 _aARTS
_cARTS
_bhin
041 _2hin
_ahin
082 _aO15,2:g, 152L4;2(EPS)
100 _aउपाध्याय, रामजी
245 0 _aमध्यकालीन संस्कृत नाटक
246 _aMadhyakālīn sanskṛut nāṭaka
260 _aवाराणसी
_b चौखम्बा विधाभवन
_c1974
300 _a504पृ.
_ccm.
650 _aहिन्दी साहित्य
_9156264
942 _hO15,2:g, 152L4;2(EPS)
_cTEXL
_2CC
999 _c310874
_d310874